1295 1641 1328 1156 1717 1457 1713 1510 1289 1936 1896 1078 1162 1499 1576 1926 1603 1330 1343 1603 1771 1818 1463 1513 1992 1188 1321 1238 1154 1903 1928 1601 1395 1462 1418 1799 1123 1674 1943 1339 1635 1823 1794 1440 1797 1678 1170 1255 1210 1303 1782 1817 1717 1492 1677 1595 1357 1268 1477 1099 1050 1999 1055 1786 1972 1894 1190 1658 1199 1568 1981 1187 1579 1489 1164 1330 1365 1436 1583 1687 1311 1307 1289 1409 1114 1364 1138 1432 1008 1774 1509 1387 1434 1294 1045 1572 1561 1858 1844 BCNSPRNW ULIB Ver.6.0+V

เปลี่ยนเป็นภาษาไทย

Change to English
 แสดงรายละเอียดบรรณานุกรม
  กลับหน้าหลัก

Brief Record : Get Marc (ISO 2709) : E-mail record : QR code < ปิดหน้าต่าง
LEADER : 00000nam 2200000uu 4500
001    13399113935
003     ULIB
008    110320s||||||||th 000 0 tha d
099    วจ.WY18^bป525ก
100 0  ปัณณธร ชัชวรัตน์
245 00 การประเมินหลักสูตรพยาบาลศาสตร์บัณฑิต พ.ศ.2554/^cปัณณธร ชัชวรัตน์
260    พะเยา :^bวิทยาลัยพยาบาลบรมราชชนนี พะเยา,^c2553
300    87 หน้า :^bตาราง
500    รายงานการวิจัย
650  7 หลักสูตรพยาบาล^xการประเมิน^xวิจัย
710 2  วิทยาลัยพยาบาลบรมราชชนนี. ^bพะเยา
945    ^p0^l0^i030966
995    ทศพร
999 ^a ใช้งานได้ทุกระบบ
รายการนี้ยังไม่มีแท็ก
คุณยังไม่ได้ล็อกอิน คุณสามารถมีกิจกรรมร่วมกับเว็บไซต์ได้ แต่ต้องล็อกอินก่อน ::
  ล็อกอิน

รายการสื่อสารสนเทศ

ลำดับที่ ประเภท เลขเรียก/บาร์โค้ด สถานที่ สถานะ
1. งานวิจัย
งานวิจัย
วจ.WY18 ป525ก ฉ.1 
  Barcode: 030966
ห้องสมุดวิทยาเขตสวรรค์ประชารักษ์
►วิจัย
บนชั้น

รายการใกล้เคียง
    ผู้แต่ง [ปัณณธร ชัชวรัตน์]

BibComment


ยังไม่เคยถูกคอมเมนท์

คอมเมนท์ทรัพยากรรายการนี้
  คอมเมนท์: การประเมินหลักสูต..


 Copyright 2026. Bcnsprnw @Library